[Event "Druzynowe Mistrzostwa Polski Juniorow 2018 - II Liga"]
[Site "Szczyrk"]
[Date "1899-12-30"]
[Round "9.102"]
[White "Uliasz, Katarzyna"]
[Black "Wasowicz, Anna"]
[Result "1-0"]
[WhiteTitle "I"]
[BlackTitle "III"]
[WhiteElo "1236"]
[BlackElo "1000"]

1. e4 e5 2. Nf3 Nc6 3. Bb5 Nf6 4. O-O Bc5 5. d3 Nd4 6. Nxd4 Bxd4 7. c3 Bb6 8. Kh1
O-O 9. f4 Qe7 10. Qf3 Qc5 11. Bc4 exf4 12. Bxf4 Re8 13. Nd2 Qe7 14. h3 c5 15.
e5 d5 16. exf6 Qxf6 17. Bxd5 Be6 18. Bxb7 Rad8 19. Ne4 Qg6 20. Bc6 Bd7 21. Bxd7
Rxd7 22. Rad1 c4 23. Nd6 Red8 24. dxc4 h6 25. Nb5 Rxd1 26. Rxd1 Rxd1+ 27. Qxd1
Qf5 28. Bc7 Be3 29. Qe1 Bf2 30. Qf1 Qc2 31. b3 Qxa2 32. Nd4 Qd2 33. Ba5 Bxd4 34.
cxd4 Qxa5 35. d5 Qc5 36. Qd3 Kf8 37. Qc3 a5 38. Kh2 Qd6+ 39. Kg1 Qc5+ 40. Kf1
f6 41. Ke2 Ke7 42. Qe3+ Kd6 43. Qxc5+ Kxc5 44. Kd3 g6 45. Ke4 h5 46. g3 h4 47.
g4 f5+ 48. gxf5 gxf5+ 49. Kxf5 Kd6 50. Kg5 1-0

[Event "Druzynowe Mistrzostwa Polski Juniorow 2018 - II Liga"]
[Site "Szczyrk"]
[Date "1899-12-30"]
[Round "9.103"]
[White "Szczepanski, Grzegorz"]
[Black "Majek, Kacper"]
[Result "0-1"]
[WhiteTitle "III"]
[BlackTitle "I++"]
[WhiteElo "1184"]
[BlackElo "2088"]

1. d4 d5 2. c4 c6 3. Nf3 Nf6 4. Nc3 dxc4 5. e4 b5 6. a4 b4 7. e5 bxc3 8. exf6 cxb2
9. Bxb2 exf6 10. Bxc4 Bb4+ 11. Nd2 O-O 12. O-O Nd7 13. Nf3 Nb6 14. Bd3 Nd5 15.
Qc2 g6 16. Qxc6 Rb8 17. Qc2 Qd6 18. Bc1 Bb7 19. Bh6 Rfc8 20. Qd1 Nc3 21. Qb3 Bd5
22. Qb2 Bxf3 23. gxf3 Qxd4 24. Rfd1 Qh4 25. Qc1 Nxd1 26. Qxd1 Qxh6 27. Rb1 Bd6
28. Rxb8 Qxh2+ 29. Kf1 Qh1+ 30. Ke2 Qxd1+ 31. Kxd1 Rxb8 32. Kd2 Rb4 33. Bb5 Rxb5
34. axb5 h5 0-1

[Event "Druzynowe Mistrzostwa Polski Juniorow 2018 - II Liga"]
[Site "Szczyrk"]
[Date "1899-12-30"]
[Round "9.104"]
[White "Derylo, Kamil"]
[Black "Zychlewicz, Tomasz"]
[Result "1-0"]
[WhiteTitle "I"]
[BlackTitle "II"]
[WhiteElo "1755"]
[BlackElo "1252"]

1. e4 d6 2. d4 Nf6 3. Nc3 g6 4. Be3 Bg7 5. h3 O-O 6. g4 e5 7. Nge2 Qe7 8. Bg2 Nbd7
9. O-O Nb6 10. Qd3 Bd7 11. Ng3 Rad8 12. Rae1 exd4 13. Bxd4 Bc6 14. f4 Qe6 15.
g5 Nfd7 16. Bxg7 Kxg7 17. h4 Nc5 18. Qd4+ Kg8 19. h5 Qg4 20. h6 Ne6 21. Qf2 Nc5
22. b4 Ncd7 23. b5 Bxe4 24. Rxe4 f6 25. Qe3 Nc8 26. Nd5 Rf7 27. Kh2 Nc5 28. Re8+
Rxe8 29. Qxe8+ Rf8 30. Nxf6+ Kh8 31. Qxf8# 1-0

[Event "Druzynowe Mistrzostwa Polski Juniorow 2018 - II Liga"]
[Site "Szczyrk"]
[Date "1899-12-30"]
[Round "9.105"]
[White "Baszczynski, Gabriel"]
[Black "Zhydachevskyy, Yulian"]
[Result "1-0"]
[WhiteTitle "II"]
[BlackTitle "II"]
[WhiteElo "1370"]
[BlackElo "1376"]

1. Nf3 c5 2. c4 Nf6 3. g3 b6 4. Bg2 Bb7 5. O-O g6 6. b3 Bg7 7. Bb2 O-O 8. d3 d6
9. Nbd2 Nc6 10. a3 a5 11. d4 e6 12. e3 Qc7 13. Rc1 Rad8 14. Qc2 Rfe8 15. dxc5
dxc5 16. Ng5 h6 17. Nge4 Nxe4 18. Nxe4 f5 19. Nf6+ Bxf6 20. Bxf6 Rd7 21. g4 Rf7
22. Qb2 e5 23. Bd5 Kh7 24. Bxf7 Qxf7 25. g5 hxg5 26. Bxg5 Rh8 27. f4 Qe6 28. Rfe1
Kg8 29. h4 Kf7 30. Rcd1 Re8 31. Qd2 Bc8 32. Qd6 Qxd6 33. Rxd6 Re6 34. Red1 exf4
35. Bxf4 Ke7 36. Rxe6+ Bxe6 37. Rd6 Bd7 38. Rxg6 Be8 39. Rd6 Kf7 40. h5 Kg7 41.
h6+ Kh7 42. Re6 Bd7 43. Rf6 Kg8 44. h7+ Kh8 45. Rf8+ Kxh7 46. Rf7+ Kg6 47. Rxd7
Kh5 48. Kg2 1-0

[Event "Druzynowe Mistrzostwa Polski Juniorow 2018 - II Liga"]
[Site "Szczyrk"]
[Date "1899-12-30"]
[Round "9.106"]
[White "Derylo, Maksymilian"]
[Black "Gorczynski, Aleksander"]
[Result "1-0"]
[WhiteTitle "II"]
[BlackTitle "IV"]
[WhiteElo "1199"]
[BlackElo "1000"]

1. e4 e5 2. Nf3 Nc6 3. d4 exd4 4. Nxd4 Qh4 5. Nb5 Qxe4+ 6. Be3 Kd8 7. N1c3 Qe8
8. g3 Nf6 9. Bg2 g6 10. O-O Bg7 11. Re1 Qf8 12. Qd2 a6 13. Nd4 Ne5 14. b3 c5 15.
Nf3 Nfg4 16. Bg5+ f6 17. Nxe5 Nxe5 18. Bf4 Ng4 19. Bd6 Qf7 20. Nd5 1-0

[Event "Druzynowe Mistrzostwa Polski Juniorow 2018 - II Liga"]
[Site "Szczyrk"]
[Date "1899-12-30"]
[Round "9.107"]
[White "Dixa, Joanna"]
[Black "Laszczuk, Zuzanna"]
[Result "0-1"]
[WhiteTitle "I"]
[BlackTitle "I"]
[WhiteElo "1388"]
[BlackElo "1355"]

1. e4 e6 2. Qe2 e5 3. Nf3 Nc6 4. d3 Nf6 5. Bg5 Bc5 6. g3 d6 7. Bg2 Be6 8. O-O h6
9. Bd2 Qd7 10. a3 a6 11. b4 Ba7 12. c3 Bh3 13. Rd1 Bxg2 14. Kxg2 Ng4 15. Be1 f5
16. exf5 Qxf5 17. Nh4 Qe6 18. h3 Nf6 19. Ng6 Rg8 20. Nd2 O-O-O 21. Nf3 Ne7 22.
Nxe7+ Qxe7 23. a4 g5 24. Nh2 h5 25. b5 a5 26. c4 b6 27. Qe3 g4 28. h4 d5 29. Bxa5
d4 30. Qe1 bxa5 31. Qxa5 Kb8 32. Qd2 e4 33. Re1 Rgf8 34. a5 Rd6 35. Qb2 e3 36.
b6 cxb6 37. c5 Rc6 38. axb6 Bxb6 39. cxb6 Ne4 40. Re2 Rxf2+ 41. Rxf2 Nxf2 42.
Qa2 Qb7 43. Qa7+ Qxa7 44. bxa7+ Ka8 45. Kf1 Rc2 46. Kg1 Nxd3 47. Nxg4 hxg4 48.
h5 e2 49. h6 Rc7 50. Kg2 Qe1 51. Rxe1 Nxe1+ 52. Kf2 Nf3 53. h7 Rxh7 0-1

[Event "Druzynowe Mistrzostwa Polski Juniorow 2018 - II Liga"]
[Site "Szczyrk"]
[Date "1899-12-30"]
[Round "9.108"]
[White "Salamon, Julia"]
[Black "Chlasta, Joanna"]
[Result "1-0"]
[WhiteTitle "I"]
[BlackTitle "IV"]
[WhiteElo "1098"]
[BlackElo "1000"]

1. d4 d5 2. Nf3 Nf6 3. c4 Be6 4. Nc3 dxc4 5. e4 g6 6. d5 Bg4 7. Bxc4 Bg7 8. h3
Bxf3 9. Qxf3 O-O 10. O-O c6 11. Rd1 Qc7 12. Bf4 Qd8 13. dxc6 Qc8 14. cxb7 Qxb7
15. Qe2 Nc6 16. e5 Nd7 17. e6 Ncb8 18. exd7 Nc6 19. Bd5 e6 20. Bxc6 Qxc6 21. Qe4
Qxe4 22. Nxe4 Bxb2 23. Rab1 Bg7 24. Bc7 Bh6 25. Qd8 Raxd8 26. Rxd8 Kh8 27. Be5+
Kg8 28. Nf6+ Kg7 29. Rxf8 Kxf8 30. Rb8+ Ke7 31. Re8# 1-0

[Event "Druzynowe Mistrzostwa Polski Juniorow 2018 - II Liga"]
[Site "Szczyrk"]
[Date "1899-12-30"]
[Round "10.1"]
[White "Pniaczek, Marek"]
[Black "Luczak, Filip"]
[Result "1-0"]
[WhiteTitle "CM"]
[BlackTitle "CM"]
[WhiteElo "2082"]
[BlackElo "2044"]

1. e4 c5 2. Nf3 e6 3. c4 Nc6 4. Nc3 e5 5. d3 d6 6. h3 Nge7 7. Be2 h6 8. a3 a5 9.
O-O g6 10. Bd2 Bg7 11. Nd5 O-O 12. Rb1 Nxd5 13. cxd5 Ne7 14. b4 cxb4 15. axb4
a4 16. b5 Bd7 17. Qc1 a3 18. Ra1 a2 19. Qb2 Qb6 20. Rxa2 Qxb5 21. Qxb5 Bxb5 22.
Rb2 Ba6 23. Bb4 Rfd8 24. Rc1 Rac8 25. Rxc8 Nxc8 26. Nd2 Na7 27. Rc2 Bf8 28. Nb3
Rc8 29. Rxc8 Nxc8 30. Kf1 f5 31. g4 Kf7 32. Ke1 fxe4 33. dxe4 Bxe2 34. Kxe2 b6
35. Nd2 Ke8 36. Nc4 Kd7 37. Nxe5+ dxe5 38. Bxf8 h5 39. gxh5 gxh5 40. f4 exf4 41.
Kf3 b5 42. Kxf4 h4 43. Bc5 Ne7 44. Bxe7 Kxe7 45. e5 b4 46. Ke4 b3 47. Kd3 1-0

[Event "Druzynowe Mistrzostwa Polski Juniorow 2018 - II Liga"]
[Site "Szczyrk"]
[Date "1899-12-30"]
[Round "10.2"]
[White "Grzesik, Gracjan"]
[Black "Musial, Tomasz"]
[Result "0-1"]
[WhiteTitle "I"]
[BlackTitle "k"]
[WhiteElo "1884"]
[BlackElo "2029"]

1. e4 e6 2. d4 d5 3. Nc3 Nf6 4. Bg5 dxe4 5. Nxe4 Be7 6. Bxf6 gxf6 7. Nf3 f5 8.
Nc3 a6 9. Ne5 Nd7 10. f4 Nxe5 11. fxe5 b5 12. Be2 b4 13. Bf3 bxc3 14. Bxa8 cxb2
15. Bc6+ Bd7 16. Bxd7+ Qxd7 17. Rb1 Bb4+ 18. Kf1 Bc3 19. Qf3 Qb5+ 20. Qe2 Bxd4
21. Qxb5+ axb5 22. Ke2 b4 23. Kd3 c5 24. Rhe1 Bc3 25. Re3 Ke7 26. Kc4 Bd4 27.
Re2 Ra8 28. Rd2 Bxe5 29. Kxc5 Bc3 30. Rd3 Rxa2 31. Kc4 Ra1 32. Rdd1 e5 33. Kd3
Ke6 34. g3 e4+ 35. Ke3 Ke5 36. h3 Bd4+ 37. Ke2 Ra3 38. Rxd4 Kxd4 39. Rxb2 Kc3
40. Rb1 Ra2 41. Ke3 Rxc2 42. g4 fxg4 43. hxg4 b3 44. Kxe4 b2 45. Kf5 Rc1 0-1

[Event "Druzynowe Mistrzostwa Polski Juniorow 2018 - II Liga"]
[Site "Szczyrk"]
[Date "1899-12-30"]
[Round "10.3"]
[White "Wilk, Igor"]
[Black "Majewski, Krzysztof"]
[Result "1/2-1/2"]
[WhiteTitle "I"]
[BlackTitle "II+"]
[WhiteElo "1560"]
[BlackElo "1695"]

1. e4 e6 2. d4 d5 3. exd5 exd5 4. Nf3 Bd6 5. c4 c6 6. Nc3 Ne7 7. Bd3 Be6 8. c5
Bc7 9. O-O O-O 10. Re1 Qd7 11. Ne5 Bxe5 12. Rxe5 Ng6 13. Bxg6 hxg6 14. Bf4 b6
15. Re1 bxc5 16. dxc5 Na6 17. Bd6 Rfd8 18. Ne2 Nc7 19. Nd4 Ne8 20. Nxe6 fxe6 21.
Qg4 Nxd6 22. cxd6 e5 23. Qxg6 e4 24. f3 Qxd6 25. Qxd6 Rxd6 26. fxe4 dxe4 27. Rxe4
Rd2 28. Rae1 Rxb2 29. R1e2 Rb1+ 30. Kf2 Rf8+ 31. Kg3 Rc1 32. Re8 Rc3+ 33. R2e3
Rc2 34. Rxf8+ Kxf8 35. Ra3 c5 36. Rxa7 c4 37. Kf3 c3 38. Rc7 Rxa2 39. Rxc3 Ra4
40. g3 Kf7 41. Re3 Kf6 42. Re4 Ra2 43. h4 Ra3+ 44. Kg4 Ra5 45. Rb4 Ra6 46. Rf4+
Kg6 47. Rc4 Rb6 48. Kf4 Rf6+ 49. Kg4 Ra6 50. Kf4 Rf6+ 51. Kg4 Ra6 52. h5+ Kh6
53. Kh4 g6 54. g4 gxh5 55. g5+ Kg6 56. Rf4 Re6 57. Rf6+ Rxf6 58. gxf6 Kxf6 59.
Kxh5 Ke5 1/2-1/2

[Event "Druzynowe Mistrzostwa Polski Juniorow 2018 - II Liga"]
[Site "Szczyrk"]
[Date "1899-12-30"]
[Round "10.4"]
[White "Wolaniecki, Patryk"]
[Black "Bartoszczuk, Adam"]
[Result "0-1"]
[WhiteTitle "I"]
[BlackTitle "II+"]
[WhiteElo "1713"]
[BlackElo "1249"]

1. e4 c5 2. Nf3 e6 3. d4 cxd4 4. Nxd4 a6 5. Bd3 Qc7 6. O-O Nf6 7. c4 Be7 8. Nc3
d6 9. Be3 Nbd7 10. Rc1 O-O 11. b3 b6 12. f3 Bb7 13. Qd2 Rac8 14. Rfd1 Rfd8 15.
Qf2 Qb8 16. Bf1 Ne5 17. Na4 Ba8 18. Nc2 b5 19. cxb5 axb5 20. Nb6 Rc7 21. Bxb5
Rf8 22. a4 Bc6 23. Nd4 Bxb5 24. Rxc7 Qxc7 25. Nxb5 Qb8 26. Qe2 Ned7 27. Nxd7 Nxd7
28. Rc1 Rc8 29. Rxc8+ Qxc8 30. Qd1 Qc6 31. Nd4 Qc3 32. Qd2 Qa1+ 33. Kf2 Nc5 34.
Nc2 Qb2 35. Bxc5 dxc5 36. Qd3 g6 37. f4 h5 38. Kf3 Qf6 0-1

[Event "Druzynowe Mistrzostwa Polski Juniorow 2018 - II Liga"]
[Site "Szczyrk"]
[Date "1899-12-30"]
[Round "10.5"]
[White "Pyzio, Amelia"]
[Black "Trembowiecka-wysota, Aleksandra"]
[Result "0-1"]
[WhiteTitle "I++"]
[BlackTitle "I"]
[WhiteElo "1679"]
[BlackElo "1555"]

1. e4 c5 2. Nf3 a6 3. c4 d6 4. Nc3 Nf6 5. Be2 e5 6. d3 Be7 7. O-O O-O 8. Qb3 Nc6
9. Be3 Rb8 10. Nd2 b5 11. Qc2 Nd4 12. Bxd4 exd4 13. Nd5 Nxd5 14. cxd5 f5 15. f3
fxe4 16. fxe4 Bg5 17. Rf3 Rxf3 18. Nxf3 Be3+ 19. Kh1 Bb7 20. Rf1 Qe7 21. Qd1 Rf8
22. Qe1 Rf6 23. Qh4 Qf8 24. h3 Bc8 25. Kh2 Rh6 26. Qe1 Qd8 27. Ng1 Qe7 28. Qg3
Rg6 29. Qe1 Qg5 30. Bf3 Bxg1+ 31. Rxg1 Qf4+ 32. Kh1 Bxh3 33. gxh3 Qxf3+ 34. Kh2
Rf6 35. Rg2 Qf4+ 36. Kg1 b4 37. b3 Rh6 38. Qg3 Qxg3 39. Rxg3 Kf7 40. Kf2 Rf6+
41. Ke2 h6 42. Rg4 g6 43. Rg2 a5 44. Rg1 g5 45. Rg3 Kg6 46. Rg4 Rf7 47. Rg3 h5
48. Rg2 a4 49. Rf2 axb3 50. Rxf7 Kxf7 51. axb3 g4 52. hxg4 hxg4 53. Kf2 Kf6 54.
Kg3 c4 0-1

[Event "Druzynowe Mistrzostwa Polski Juniorow 2018 - II Liga"]
[Site "Szczyrk"]
[Date "1899-12-30"]
[Round "10.6"]
[White "Bienko, Jagoda"]
[Black "Mucha, Marta"]
[Result "0-1"]
[WhiteTitle "I"]
[BlackTitle "I+"]
[WhiteElo "1436"]
[BlackElo "1432"]

1. d4 Nf6 2. Nf3 e6 3. c4 Bb4+ 4. Bd2 Qe7 5. a3 Bxd2+ 6. Nbxd2 b6 7. g3 Bb7 8.
Bg2 O-O 9. O-O d6 10. b4 Nbd7 11. Qc2 a5 12. e3 e5 13. d5 Ne8 14. Nh4 g6 15. e4
Ng7 16. f4 exf4 17. Rxf4 axb4 18. a4 Nc5 19. Rff1 Bc8 20. Qb2 Bd7 21. Qxb4 Rxa4
22. Qc3 Rfa8 23. Rxa4 Rxa4 24. Ra1 Nh5 25. Rxa4 Bxa4 26. Qf3 Qe5 27. Qf2 Nf6 28.
Nhf3 Qa1+ 29. Bf1 Ng4 30. Qe2 Bc2 31. Ng5 Qd4+ 32. Kg2 Ne3+ 33. Kh1 Bxe4+ 34.
Ndxe4 Nxe4 35. Nf3 Qa1 36. Kg1 Nxf1 37. Qxf1 Qa2 38. g4 Nd2 39. Qe2 Nxf3+ 40.
Qxf3 Qxc4 0-1

[Event "Druzynowe Mistrzostwa Polski Juniorow 2018 - II Liga"]
[Site "Szczyrk"]
[Date "1899-12-30"]
[Round "10.7"]
[White "Hrymowicz, Artur"]
[Black "Karpus, Michal"]
[Result "0-1"]
[WhiteTitle "I++"]
[BlackTitle "FM"]
[WhiteElo "2123"]
[BlackElo "2364"]

1. e4 e5 2. Nf3 Nc6 3. d4 exd4 4. Nxd4 Bc5 5. Be3 Qf6 6. c3 Nge7 7. Bc4 Ne5 8.
Be2 d5 9. f4 Ng4 10. Bxg4 Qh4+ 11. Bf2 Qxg4 12. Qxg4 Bxg4 13. Nb5 Bxf2+ 14. Kxf2
O-O-O 15. e5 Bd7 16. a4 Kb8 17. Rd1 f6 18. exf6 gxf6 19. Nd4 h5 20. Nd2 h4 21.
N2f3 Nc8 22. Re1 Nd6 23. Nd2 Rdg8 24. Rg1 c5 25. N4f3 Bc6 26. h3 Rh5 27. g4 hxg3+
28. Rxg3 Rgh8 29. Rg6 R8h6 30. Rxh6 Rxh6 31. Kg2 Bd7 32. Ng1 Rh4 33. Kg3 Nf5+
34. Kf3 Bc6 35. Re1 d4+ 36. Ne4 Ne3 37. Kg3 Rh6 38. cxd4 cxd4 0-1

[Event "Druzynowe Mistrzostwa Polski Juniorow 2018 - II Liga"]
[Site "Szczyrk"]
[Date "1899-12-30"]
[Round "10.8"]
[White "Poltorak, Sebastian"]
[Black "Jordan, Adam"]
[Result "0-1"]
[WhiteTitle "I"]
[BlackTitle "I"]
[WhiteElo "1810"]
[BlackElo "1830"]

1. d4 Nf6 2. c4 e5 3. dxe5 Ng4 4. Nf3 Bc5 5. e3 Nc6 6. Bd2 Ngxe5 7. Nxe5 Nxe5 8.
Bc3 Qe7 9. Qh5 d6 10. b4 Bg4 11. Qxe5 dxe5 12. bxc5 Qxc5 13. Nd2 O-O 14. Nb3 Qc6
15. h3 Bh5 16. Rg1 Rad8 17. g4 Bg6 18. Bxe5 Rfe8 19. Bc3 Bd3 20. Rc1 Bxf1 21.
Rxf1 Qf3 22. Nd2 Qxh3 23. Ke2 Qxg4+ 24. f3 Qd7 25. e4 Qd3+ 26. Kf2 Qd6 27. Rg1
g6 28. Rh1 Qf4 29. Ke2 f5 30. Rh3 fxe4 31. Nxe4 Qxc1 0-1

[Event "Druzynowe Mistrzostwa Polski Juniorow 2018 - II Liga"]
[Site "Szczyrk"]
[Date "1899-12-30"]
[Round "10.9"]
[White "Kozlowski, Michal"]
[Black "Meers, Hubert"]
[Result "1-0"]
[WhiteTitle "I"]
[BlackTitle "I+"]
[WhiteElo "1742"]
[BlackElo "1808"]

1. e4 c5 2. Nf3 d6 3. d4 Nf6 4. Nc3 cxd4 5. Nxd4 Nc6 6. Be2 e5 7. Nb3 Be7 8. O-O
O-O 9. Be3 a5 10. a4 Nb4 11. Nd5 Nfxd5 12. exd5 Qc7 13. c3 Na6 14. Nd2 f5 15.
f3 Bd7 16. Nb3 b6 17. Qd2 Nc5 18. Nxc5 bxc5 19. Bb5 c4 20. Qe2 Rfc8 21. Bxd7 Qxd7
22. Rfb1 Rab8 23. Ra3 Bd8 24. Qd1 Bb6 25. Bxb6 Rxb6 26. b4 cxb3 27. Raxb3 Rxb3
28. Qxb3 Qc7 29. Rc1 Kf7 30. h3 Rb8 31. Qc2 Qc4 32. Qxf5+ Kg8 33. Qe6+ Kh8 34.
Qxd6 Re8 35. Qc6 Qxc6 36. dxc6 Rc8 37. Re1 Rxc6 38. Rxe5 Kg8 39. Rxa5 Rxc3 40.
Ra7 Ra3 41. Kh2 h6 42. Kg3 Ra2 43. h4 h5 44. Ra5 g6 45. Ra7 Rb2 46. Kh3 Rb3 47.
a5 Ra3 48. a6 Kh8 49. Kg3 Ra2 50. Kf4 Rxg2 51. Rb7 1-0

[Event "Druzynowe Mistrzostwa Polski Juniorow 2018 - II Liga"]
[Site "Szczyrk"]
[Date "1899-12-30"]
[Round "10.10"]
[White "Zabrzanska, Weronika"]
[Black "Strepikowski, Pawel"]
[Result "1-0"]
[WhiteTitle "I++"]
[BlackTitle "II"]
[WhiteElo "1570"]
[BlackElo "1487"]

1. e4 c5 2. c3 d5 3. exd5 Qxd5 4. d4 cxd4 5. cxd4 Nf6 6. Nc3 Qd8 7. Nf3 e6 8. Be2
Be7 9. O-O O-O 10. Bf4 Nc6 11. h3 Nd5 12. Bg3 Bf6 13. Ne4 Be7 14. Ne5 Ndb4 15.
Nf3 Qb6 16. a3 Nd5 17. b4 f5 18. Nc5 Bf6 19. Bd6 Nc3 20. Qd2 Nxe2+ 21. Qxe2 Nxd4
22. Nxd4 Qxd6 23. Nb5 Qe7 24. Rad1 b6 25. Nb3 Ba6 26. N3d4 Qd7 27. a4 Bxd4 28.
Rxd4 Qxd4 29. Qxe6+ Kh8 30. Nxd4 Bxf1 31. Kxf1 Rfe8 32. Qxf5 Rad8 33. Qf4 Re7
34. g3 Rde8 35. Kg2 Re4 36. Qd6 h6 37. Nf5 1-0

[Event "Druzynowe Mistrzostwa Polski Juniorow 2018 - II Liga"]
[Site "Szczyrk"]
[Date "1899-12-30"]
[Round "10.11"]
[White "Daliga, Anita"]
[Black "Leczek, Weronika"]
[Result "0-1"]
[WhiteTitle "I+"]
[BlackTitle "k"]
[WhiteElo "1605"]
[BlackElo "1832"]

1. e4 c5 2. d3 Nc6 3. g3 g6 4. Bg2 Bg7 5. Nf3 d6 6. Nbd2 e5 7. Nf1 Nge7 8. h4 h6
9. N1h2 Be6 10. Be3 Qd7 11. Qd2 Rb8 12. O-O b6 13. a3 d5 14. exd5 Nxd5 15. Rad1
Nxe3 16. Qxe3 O-O 17. Rfe1 Kh7 18. h5 Rbe8 19. c3 Bd5 20. Nh4 Bxg2 21. Kxg2 g5
22. N4f3 f5 23. Qe2 Kh8 24. Nd2 Qd5+ 25. Kg1 Qf7 26. Nc4 Rd8 27. g4 b5 28. Nd2
fxg4 29. Ne4 c4 30. dxc4 Rxd1 31. Rxd1 bxc4 32. Qxg4 Qb7 33. Qe6 Nd4 34. cxd4
Qxe4 35. dxe5 Qe2 36. Rf1 Qxe5 37. Qxe5 Bxe5 38. Ng4 Bxb2 39. Ne3 c3 40. Nd1 Rc8
41. Nxb2 cxb2 42. Kg2 Rc1 0-1

[Event "Druzynowe Mistrzostwa Polski Juniorow 2018 - II Liga"]
[Site "Szczyrk"]
[Date "1899-12-30"]
[Round "10.12"]
[White "Slusarczyk, Milena"]
[Black "Filipiak, Magdalena"]
[Result "1-0"]
[WhiteTitle "I+"]
[BlackTitle "I"]
[WhiteElo "1422"]
[BlackElo "1231"]

1. e4 c5 2. Nf3 Nc6 3. d4 cxd4 4. Nxd4 g6 5. Nc3 Bg7 6. Nde2 Nf6 7. g3 O-O 8. Bg2
d6 9. O-O Qc7 10. h3 Bd7 11. Be3 a6 12. a4 Rac8 13. Rc1 Rfd8 14. Nd5 Nxd5 15.
exd5 Na5 16. Bd4 Bh6 17. f4 Bxa4 18. b3 Bd7 19. Bc3 b6 20. Qd4 Bb5 21. Qh8# 1-0

[Event "Druzynowe Mistrzostwa Polski Juniorow 2018 - II Liga"]
[Site "Szczyrk"]
[Date "1899-12-30"]
[Round "10.13"]
[White "Norek, Bartosz"]
[Black "Lis, Mateusz"]
[Result "0-1"]
[WhiteTitle "I"]
[BlackTitle "k"]
[WhiteElo "1784"]
[BlackElo "2102"]

1. e4 c5 2. Nf3 e6 3. d4 cxd4 4. Nxd4 a6 5. Nc3 b5 6. Be3 Bb7 7. Bd3 Qc7 8. Qd2
Nf6 9. f3 Be7 10. g4 d5 11. g5 b4 12. Nd1 Nfd7 13. exd5 Bxd5 14. Nf2 Nc6 15. Ne4
Nde5 16. Rf1 Rd8 17. O-O-O b3 18. Kb1 bxc2+ 19. Bxc2 Nc4 20. Qe2 Qb6 21. Ba4 Nxe3
22. Qxe3 Rb8 23. Qc3 O-O 24. Nxc6 Bxc6 25. Bxc6 Rfc8 26. Qe5 Qxc6 27. Rc1 Qd7
28. Rcd1 Qa4 29. b3 Rb5 30. Qb2 Qa5 31. Rd7 Ba3 32. Qd4 Rd5 33. Qa7 Rxd7 34. Qxd7
Rd8 35. Qc6 Qe5 36. Qc2 Qd4 37. Nf2 Qe5 38. Ne4 a5 39. Re1 Qd4 40. Rf1 a4 41.
h4 axb3 42. axb3 Bb4 43. Rc1 Ra8 44. Nc3 Qxh4 45. Qe4 Qxe4+ 46. Nxe4 Rb8 47. Rc7
Kf8 48. Kc2 Be7 49. Kc3 f5 50. Nc5 Bxc5 51. Rxc5 Kf7 52. f4 h6 53. gxh6 gxh6 54.
Rc7+ Kf6 55. Kc4 h5 56. Rh7 Kg6 57. Re7 h4 58. Rxe6+ Kh5 59. Re1 h3 60. b4 Kg4
61. b5 Kxf4 62. Kc5 Kg3 63. Kc6 h2 64. Ra1 f4 65. b6 f3 66. Kc7 Rxb6 67. Kxb6
Kg2 68. Kc5 Qh1 0-1

[Event "Druzynowe Mistrzostwa Polski Juniorow 2018 - II Liga"]
[Site "Szczyrk"]
[Date "1899-12-30"]
[Round "10.14"]
[White "Bachor, Tomasz"]
[Black "Hryn, Zofia"]
[Result "1-0"]
[WhiteTitle "I"]
[BlackTitle "I++"]
[WhiteElo "1844"]
[BlackElo "1668"]

1. e4 c5 2. Nf3 d6 3. d4 cxd4 4. Qxd4 Nc6 5. Bb5 Bd7 6. Qd3 Nf6 7. Nc3 a6 8. Bxc6
Bxc6 9. Bg5 e6 10. O-O-O Be7 11. Nd4 O-O 12. f3 Qa5 13. h4 h6 14. Bd2 Qc7 15.
g4 Nd7 16. h5 b5 17. g5 hxg5 18. Rdg1 b4 19. Nxc6 Qxc6 20. Ne2 Ne5 21. Qb3 a5
22. Bxg5 Bxg5+ 23. Rxg5 a4 24. Qe3 b3 25. Nc3 bxa2 26. Nxa2 Rfc8 27. Rh2 Qc4 28.
Kb1 Qf1+ 29. Nc1 Qxf3 30. Qg1 g6 31. hxg6 Nxg6 32. Rxg6+ Kf8 33. Rg8+ Ke7 34.
Rxc8 Rxc8 35. Qa7+ Kf8 36. Rh8+ Kg7 37. Rxc8 Qxe4 38. Rc3 Kf8 39. Qb8+ 1-0

[Event "Druzynowe Mistrzostwa Polski Juniorow 2018 - II Liga"]
[Site "Szczyrk"]
[Date "1899-12-30"]
[Round "10.15"]
[White "Wielgus, Wojciech"]
[Black "Karwacki, Piotr"]
[Result "1/2-1/2"]
[WhiteTitle "I"]
[BlackTitle "I"]
[WhiteElo "1652"]
[BlackElo "1828"]

1. e4 c6 2. d4 d5 3. e5 c5 4. dxc5 Nc6 5. Nf3 Bg4 6. c3 e6 7. Be3 Nge7 8. Bd4 Nf5
9. Be2 Bxf3 10. Bxf3 Nfxd4 11. cxd4 Qh4 12. O-O Qxd4 13. Qxd4 Nxd4 14. Nd2 Bxc5
15. Rac1 Bb4 16. Nb3 Nc6 17. a3 Be7 18. Rfe1 Kd7 19. Nc5+ Bxc5 20. Rxc5 Rac8 21.
Bg4 Ne7 22. Rb5 b6 23. g3 Rc4 24. Bh3 Rhc8 25. Bf1 Rc1 26. Rxc1 Rxc1 27. Kg2 Nc6
28. f4 Rc2+ 29. Kh3 Nd4 30. Rb4 Nf3 31. Bb5+ Kc7 32. Kg4 Nxh2+ 33. Kh5 Nf3 34.
Kg4 Nd2 35. Bd3 a5 36. Bxc2 axb4 37. axb4 g6 38. Kg5 Ne4+ 39. Kg4 h6 40. Kf3 Nd2+
41. Ke2 Nc4 42. b3 Na3 1/2-1/2

[Event "Druzynowe Mistrzostwa Polski Juniorow 2018 - II Liga"]
[Site "Szczyrk"]
[Date "1899-12-30"]
[Round "10.16"]
[White "Wierzbicki, Dawid"]
[Black "Warchol, Kamil"]
[Result "1/2-1/2"]
[WhiteTitle "I"]
[BlackTitle "CM"]
[WhiteElo "1487"]
[BlackElo "1540"]

1. e4 c5 2. Nf3 Nc6 3. Bb5 a6 4. Bxc6 dxc6 5. O-O Qc7 6. Re1 e5 7. h3 Nf6 8. c3
Be7 9. d4 cxd4 10. cxd4 exd4 11. Nxd4 O-O 12. Qc2 Re8 13. Nc3 Bd6 14. Bg5 Be5
15. Rad1 h6 16. Bxf6 gxf6 17. Nf3 Bf4 18. Ne2 Kh8 19. Nxf4 Qxf4 20. Qd2 Qxd2 21.
Nxd2 Be6 22. b3 Rad8 23. Nf1 f5 24. exf5 Rxd1 25. Rxd1 Bxf5 26. Ne3 Be6 27. Kf1
Kg7 28. Ke2 Kf6 29. Kf3 Ke7 30. g4 Rc8 31. Kf4 b5 32. Ke4 a5 33. f4 f6 34. Nf5+
1/2-1/2

[Event "Druzynowe Mistrzostwa Polski Juniorow 2018 - II Liga"]
[Site "Szczyrk"]
[Date "1899-12-30"]
[Round "10.17"]
[White "Hryn, Aleksandra"]
[Black "Cebula, Alicja"]
[Result "1/2-1/2"]
[WhiteTitle "I"]
[BlackTitle "I"]
[WhiteElo "1643"]
[BlackElo "1583"]

1. e4 c5 2. f4 e6 3. Nf3 a6 4. d3 Nf6 5. Be2 Qc7 6. O-O Be7 7. c3 b6 8. Na3 Bb7
9. Qe1 O-O 10. Bd2 d6 11. Rc1 Nbd7 12. h3 Rac8 13. g4 b5 14. g5 Ne8 15. h4 f5
16. gxf6 Bxf6 17. Ng5 Bxg5 18. hxg5 d5 19. Bg4 Qc6 20. exd5 exd5 21. Qe6+ Rf7
22. f5 Nc7 23. Qxc6 Bxc6 24. Rce1 Nb6 25. Be3 Na4 26. Re2 Bd7 27. Ref2 Re8 28.
Bf4 Rc8 29. g6 Rf6 30. Be5 Rc6 31. gxh7+ Kxh7 32. Bh5 Rh6 33. Bg6+ Kg8 34. b3
Nb6 35. Rh2 Rxh2 36. Kxh2 Ne8 37. f6 gxf6 38. Bxf6 Rc6 39. Bxe8 Bxe8 40. d4 Nd7
41. Bg5 cxd4 42. cxd4 b4 43. Nb1 Rc2+ 44. Kg3 Rxa2 45. Nd2 a5 46. Re1 Bf7 47.
Re7 Nf8 48. Ra7 Ne6 49. Be3 Nxd4 50. Bxd4 Rxd2 51. Ra8+ Kh7 52. Be3 Rd3 53. Kf4
d4 54. Bf2 Rxb3 55. Rxa5 d3 56. Ke3 Rb2 57. Rf5 Kg6 58. Rf4 d2 59. Rg4+ Kh5 60.
Rd4 b3 61. Rxd2 Rxd2 62. Kxd2 Kg4 63. Bd4 Kf4 64. Bh8 Ke4 65. Kc3 Ke3 66. Kb2
Kd2 67. Bg7 Bd5 68. Bc3+ Kd3 69. Bh8 Kd2 70. Bc3+ Kd3 71. Bh8 1/2-1/2

[Event "Druzynowe Mistrzostwa Polski Juniorow 2018 - II Liga"]
[Site "Szczyrk"]
[Date "1899-12-30"]
[Round "10.18"]
[White "Mroz, Lena"]
[Black "Kieca, Aleksandra"]
[Result "1-0"]
[WhiteTitle "I++"]
[BlackTitle "I"]
[WhiteElo "1566"]
[BlackElo "1458"]

1. e4 c5 2. Nf3 e6 3. b3 d6 4. Bb2 Nf6 5. Nc3 a6 6. d4 cxd4 7. Nxd4 b5 8. a3 Bb7
9. Bd3 Qb6 10. O-O Nbd7 11. Nde2 Be7 12. Ng3 O-O 13. Kh1 Nc5 14. f4 Rfd8 15. Qe2
Qc7 16. b4 Ncd7 17. Rae1 Qc6 18. Rf2 Qb6 19. Nf1 Ng4 20. Qxg4 Bf6 21. Rf3 Rac8
22. Nd1 Bxb2 23. Nxb2 Qd4 24. Nd1 Nf6 25. Qh4 Bxe4 26. Bxe4 Nxe4 27. c3 Nxc3 28.
Nxc3 Rxc3 29. Qxd8# 1-0

[Event "Druzynowe Mistrzostwa Polski Juniorow 2018 - II Liga"]
[Site "Szczyrk"]
[Date "1899-12-30"]
[Round "10.19"]
[White "Kukula, Karol"]
[Black "Kawalko, Adam"]
[Result "1/2-1/2"]
[WhiteTitle "I"]
[BlackTitle "I"]
[WhiteElo "1741"]
[BlackElo "1751"]

1. e4 c5 2. Nf3 d6 3. d4 cxd4 4. Nxd4 Nf6 5. Nc3 a6 6. Be2 e5 7. Nb3 Be7 8. O-O
Be6 9. Be3 O-O 10. a4 d5 11. exd5 Nxd5 12. Nxd5 Qxd5 13. Qxd5 Bxd5 14. Rad1 Bc6
15. Ra1 Nd7 16. Rfd1 Rfd8 17. Na5 Be4 18. Bd3 Bxd3 19. Rxd3 Nc5 20. Rxd8+ Bxd8
21. Nc4 Nxa4 22. Nxe5 Nxb2 23. Bd4 f6 24. Bxb2 fxe5 25. Bxe5 Rc8 26. Rd1 Kf7 27.
c3 Bf6 28. f4 Bxe5 29. fxe5 Rc7 30. Rd6 Ke7 31. Rb6 Kd7 32. e6+ Kc8 33. Kf2 Rxc3
34. e7 Kd7 35. Rxb7+ Ke8 36. Ra7 Ra3 37. h3 a5 38. Kg1 a4 39. Kh2 Ra1 40. g4 Ra3
41. Kg2 Ra2+ 42. Kg3 g5 43. Ra5 1/2-1/2